Understanding Japanese society

As Japan enters the 21st century with a new emperor, this title continues to be an indispensable guide through often enigmatic and historical idiosyncrasies of Japanese culture and politics that are often confusing to the outsider. Fully updated, revised and expanded, this is a welcome new edition o...

Celý popis

Uloženo v:
Podrobná bibliografie
Hlavní autor: Hendry, Joy
Médium: Kniha
Jazyk:Undetermined
Vydáno: New York Published in the USA in association with Methuen 1987
Témata:
Tagy: Přidat tag
Žádné tagy, Buďte první, kdo otaguje tento záznam!
Thư viện lưu trữ: Trung tâm Học liệu Trường Đại học Cần Thơ
LEADER 01198nam a2200205Ia 4500
001 CTU_114839
008 210402s9999 xx 000 0 und d
082 |a 306.0952 
082 |b H498 
100 |a Hendry, Joy 
245 0 |a Understanding Japanese society 
245 0 |c Joy Hendry 
260 |a New York 
260 |b Published in the USA in association with Methuen 
260 |c 1987 
520 |a As Japan enters the 21st century with a new emperor, this title continues to be an indispensable guide through often enigmatic and historical idiosyncrasies of Japanese culture and politics that are often confusing to the outsider. Fully updated, revised and expanded, this is a welcome new edition of this best-selling book that has provided an accessible and readable introduction to Japanese society over the years. Now containing some of the most up-to-date information on Japanese cultural and political trends, this essential title includes timely information on the latest social developments, customs, rituals, business culture, medicine and arts. 
650 |a Japan 
650 |x Social conditions 
904 |i Tuyến 
980 |a Trung tâm Học liệu Trường Đại học Cần Thơ